00220 a2200109 4500001000700000020000600007040001100013100002800024240002700052245002200079362000900101161498 a  cMagnum aPozenato, Jose Clemente10aO caso do martelolpor10aO caso do martelo0 a1899